000 nas a22 7a 4500
022 _a00233900
041 0 _aeng
245 1 0 _aKorea Journal
260 3 _bSamsung Printing Co.
310 _aรายสะดวก
850 _aNALT
942 _cJNR
997 _c43469
999 _c83469
_d83469